00424nam a2200181 a 4500001001300000003000900013005001700022008004100039020001000080082001300090100001500103245001000118260003300128300000800161500003500169650002300204700001500227nice12345678IN_TiNIC20260116011451.0070730s0000 duba grp 000 0 eng  ac10000a297bPOO aPoole, S L aIslam aDublin bNo Publisher c0000 a57p aincludes index and biblioraphy aIslam-Meccan Trade1 aPoole, S L